000 00571nam a22001817a 4500
005 20231114102430.0
008 231114b |||||||| |||| 00| 0 eng d
020 _a0702140295
041 _aEnglish
082 _a345 CAS
100 _aBurchell, J and Milton, J
_lEnglish
245 _aCases and Materials on Criminal Law /
_cJ Burchell and J Milton
250 _aSecond Edition
260 _aCape Town :
_bJuta and Company Ltd,
_c1997
300 _bxxvii, 785 pages ;
_c25 cm.
650 _aLegal practice
_bLaw
942 _cBK
_6ALISON_BN_VRIES
999 _c620
_d620